000 00709nam a22002770a 4500
001 PT59727
003 AR-LpoUNG
005 20210131231927.0
008 191001s2016||||ag |||||||||||||||||spa d
020 _a9789871374465
_c$14
040 _aAR-LpoUNG
_bspa
_cAR-LpoUNG
_eaacr
041 _aspa
044 _aag
082 0 _a808.068 3 577lun
100 1 _aBianki, Diego
245 1 3 _aLa luna está llena
250 _a1ra. ed.
260 _aBuenos Aires :
_bPequeño editor,
_c2016.
300 _a[18] p. :
_bil.
505 0 _aSugerido a partir de 6 años (etiqueta AMARILLA)
650 4 _aCUENTOS
650 4 _aLITERATURA
653 _aLITERATURA INFANTIL
905 _a59727
942 _cLIB
999 _c12686
_d12686